|
|
|
|
| LEADER |
01138nam a22003134a 4500 |
| 001 |
31966 |
| 003 |
BD-DhAAL |
| 005 |
20211115114040.0 |
| 008 |
170806s2002 nyu b 000 0 eng |
| 999 |
|
|
|c 38234
|d 38234
|
| 010 |
|
|
|a 2001044245
|
| 020 |
|
|
|a 0865475873 (pbk. : alk. paper)
|
| 040 |
|
|
|a DLC
|c DLC
|d DLC
|d BD-DhAAL
|
| 050 |
0 |
0 |
|a TD794.5
|b .M395 2002
|
| 082 |
0 |
0 |
|a 745.2
|2 21
|
| 100 |
1 |
|
|a McDonough, William.
|9 21909
|
| 245 |
1 |
0 |
|a Cradle to cradle :
|b remaking the way we make things /
|c William McDonough & Michael Braungart.
|
| 250 |
|
|
|a 1st ed.
|
| 260 |
|
|
|a New York :
|b North Point Press,
|c 2002.
|
| 300 |
|
|
|a 193 p. ;
|c 21 cm.
|
| 504 |
|
|
|a Includes bibliographical references.
|
| 526 |
|
|
|a ARC
|
| 541 |
|
|
|e 31966
|
| 650 |
|
0 |
|a Recycling (Waste, etc.).
|9 21910
|
| 650 |
|
0 |
|a Industrial management
|x Environmental aspects.
|9 21911
|
| 650 |
|
0 |
|a Architecture.
|9 42638
|
| 700 |
1 |
|
|a Braungart, Michael,
|d 1958-
|9 21912
|
| 942 |
|
|
|2 ddc
|c BK
|
| 952 |
|
|
|0 0
|1 0
|2 ddc
|4 0
|6 745_200000000000000_MCD
|7 0
|9 60963
|a BRACUL
|b BRACUL
|c GEN
|d 2017-07-31
|e Development Book Agency
|g 3255.00
|l 0
|o 745.2 MCD
|p 3010031966
|r 2017-07-31
|t 1
|v 3255.00
|w 2017-07-31
|y BK
|